Clasificación Final de LaLiga 2021/2022 - Estadísticas

Estadísticas generales
  • Esta prueba ha sido intentada 290 veces
    228 desde el último reinicio
  • La puntuación promedio es 16 de 20
Estadísticas de respuestas
Posición Puntos Resultado Equipo % Correcto
#01 86 Champions League Real Madrid
100%
#02 73 Champions League Barcelona
99%
#04 70 Champions League Sevilla
94%
#05 65 Europa League Betis
93%
#06 62 Europa League Real Sociedad
89%
#09 48 / Valencia
86%
#08 55 / Atlético Bilbao
82%
#11 46 / Celta Vigo
82%
#07 59 Conference League Villareal
80%
#18 38 Retrocesión Granada
79%
#17 39 / Cádiz
78%
#10 47 / Osasuna
78%
#15 39 / Getafe
77%
#14 42 / Espanyol
76%
#12 42 / Rayo Vallecano
76%
#19 35 Retrocesión Levante
75%
#20 31 Retrocesión Alavés
74%
#16 39 / Mallorca
74%
#13 42 / Elche
69%
#03 71 Champions League Atlético Madrid
68%
No se encontraron pruebas coincidentes
Distribución de puntuación
Porcentaje de gente con cada puntuación
Porcentaje por número respondido
Historial de tus puntuaciones
No has intentado esta prueba desde el último reinicio